000
00290 a2200121 4500
000
nam a22 7a 4500
005
20260130122410.0
020
_a
9781835357361
100
_a
Fletcher Patrick
_9
1112939
245
_a
Psychology and Crime
260
_b
Edtech Press
_c
2026
942
_c
TEXL
999
_c
1678418
_d
1678418